000 00848cam a22002411 4500
001 l 51000006
003 DLC
005 20260227111542.0
008 760304s1950 sz 000 0 eng
010 _al 51000006
035 _a(OCoLC)2030510
040 _aDLC
_cLU
_dDLC
050 0 0 _aKGH1434
_b.I58 1950
110 2 _aInternational Labour Organisation.
_bCommittee of Enquiry.
245 1 0 _aConditions in ships flying the Panama flag.
_bReport of the Committee (May-November 1949)
260 _aGeneva,
_bInternational Labour Office,
_c1950.
300 _a87 p.
_c24 cm.
410 2 1 _aInternational Labour Office
_tStudies and reports, new ser.,
_vno. 22
650 0 _aMerchant mariners
_xLegal status, laws, etc.
_zPanama.
650 0 _aMerchant marine
_zPanama.
650 0 _aMaritime law
_zPanama.
710 2 _aInternational Labour Office
999 _c36717
_d36717